| 000 | 00784nam a22002297a 4500 | ||
|---|---|---|---|
| 999 |
_c2340 _d2340 |
||
| 003 | AR-CdUCM | ||
| 008 | 190304b ||||| |||| 00| 0 spa d | ||
| 040 |
_aMUNICIPALIDAD PROVINCIAL DEL CUSCO _cBIBLIOTECA MUNICIPAL DEL CUSCO |
||
| 041 | _heng | ||
| 082 |
_a338.54 / _bB63 |
||
| 100 |
_aBober, Stanley _98437 |
||
| 245 | _aEl ciclo y el crecimiento económico / | ||
| 260 |
_aBuenos Aires : _bAmorrortu, _c1968. |
||
| 300 |
_a299 paginas ; _c23 cm. |
||
| 505 | _aEl análisis por periodos -- Características generales del cambio -- La anatomía del ciclo -- Gastos de inversión ... | ||
| 650 |
_aDesarrollo económico _91696 |
||
| 650 |
_aCiclos económicos _98438 |
||
| 650 |
_aEconomía _9382 |
||
| 700 |
_aFernández, Cesar A. _98439 |
||
| 942 |
_2ddc _cLIBROS |
||
| 945 | _aacv | ||